Key West International Airport Destinations (Key West, FL, USA) - Statistics

General Stats
  • This quiz has been taken 98 times
    78 since last reset
  • The average score is 17 of 21
Answer Stats
Airline Destination % Correct
Delta Air Lines/Delta Connection Atlanta
98%
American Eagle Miami
98%
American Eagle/Delta Connection New York (LaGuardia)
94%
Breeze Airways Orlando
94%
Allegiant Air Orlando/Sanford
94%
Breeze Airways/Silver Airways Tampa
94%
American Airlines Dallas/Fort Worth
92%
American Airlines/American Eagle Charlotte
90%
American Eagle/United Airlines/United Express Chicago (O'Hare)
90%
United Express Houston (Intercontinental)
90%
American Eagle/JetBlue Boston
86%
United Airlines/United Express Newark
84%
Silver Airways Fort Lauderdale
82%
United Airlines Washington (Dulles)
80%
American Eagle Washington (National)
80%
American Airlines/American Eagle Philadelphia
74%
Allegiant Air Cincinnati
56%
Allegiant Air Indianapolis
54%
Allegiant Air St. Petersburg/Clearwater
54%
Allegiant Air Pittsburgh
50%
Allegiant Air Asheville
42%
No matching quizzes found
Score Distribution
Percent of People with Each Score
Percentile by Number Answered
Your Score History
You have not taken this quiz since the last reset